000 01050cab a22002415a 4500
001 L138235
008 070523e2007 xxkdo f 000 0 eng d
035 _a(Sirsi) u138235
041 0 _aeng
100 1 _aNeale, Jon
245 0 0 _aFocus
_bSouth Yorkshire
260 _c2007
490 _aEstates Gazette
_v(0720) 19 May 2007, 141-159(12)
520 _aReports on Sheffield United's property strategy, being a key aspect of its Premiership survival. Office development plans of around 1 million square feet are examined. Retail developments are also described. Barnsley has plans to develop flats, offices, retail and leisure space with a view to making the area more cosmopolitan. Developers aim to grab land for commercial schemes in Doncaster, particularly close to Robin Hood airport.
590 _aKA
651 4 _aEngland
_y886-
690 _aPROPERTY-COMMERCIAL PROPERTY-COMMERCIAL PROPERTY MARKET
700 1 _aPilkington, Lisa
700 1 _aElghamry, Nadia
700 1 _aMartin, Natalie
700 1 _aJames, Graham
942 _n0
999 _c78830
_d78830